Bilecik Bilecik Bilecik Bilecik Bilecik

Tarihi değiştiren konuşmalar/ (Record no. 8961)

MARC details
000 -BAŞLIK
Sabit Uzunluktaki Kontrol Alanı 01411nam a22003377a 4500
001 - KONTROL NUMARASI
Control Dosyası 0008989
003 - KONTROL NUMARASI KİMLİĞİ
Kontrol Alanı KOHA_MİRAKIL
005 - EN SON İŞLEM TARİHİ ve ZAMANI
Kontrol Alanı 20260207001654.0
007 - FİZİKSEL TANIM SABİT ALAN - GENEL BİLGİ
Sabit uzunluklu kontrol alanı ta
008 - SABİT UZUNLUKTAKİ VERİ ÖGELERİ - GENEL BİLGİ
Sabit Alan 091120b2008 tu a|||gr||||#||||1|tur |
020 ## - ISBN - ULUSLARARASI STANDART KİTAP NUMARASI
Isbn 9752630960
Kullanılabilirlik koşulları 9,425
040 ## - KATALOGLAMA KAYNAĞI
Özgün Kataloglama Kurumu TR-BiSEU
Kataloglama Dili tur
Çeviri Kurumu TR-BiSEU
Açıklama Kuralları rda
041 0# - DİL KODU
Metin ya da ses kaydının dil kodu tur
044 ## - YAYINLAYAN/ÜRETEN KURULUŞUN ÜLKE KODU
ISO country code tu
050 ## - SINIFLAMA ve YER NUMARASI
Sınıflama Numarası PN6122
Yer Numarası .C56 2008
100 1# - KİŞİ ADI
Yazar Adı (Kişi adı) Çimen, Ali.
245 1# - ESER ADI BİLDİRİMİ
Başlık Tarihi değiştiren konuşmalar/
Sorumluluk Bildirimi Ali Çimen ; Ali Çimen.
264 #1 - ÜRERİM, YAYIN, DAĞITIM ve TELİF BİLDİRİMİ
Yayın yeri İstanbul :
Yayınlayan Timaş Yayınları
Yayın tarihi 2008
300 ## - FİZİKSEL TANIMLAMA
Sayfa, Cilt vb. 288 sayfa :
Diğer fiziki detaylar resimli
336 ## - İÇERİK TÜRÜ
Content type term metin
Content type code txt
Source rdacontent
337 ## - MEDYA TÜRÜ
Media type term aracısız
Media type code n
Source rdamedia
338 ## - TAŞIYICI TÜRÜ
Carrier type term cilt
Carrier type code nc
Source rdacarrier
490 1# - DİZİ BİLDİRİMİ
Dizi Bildirimi Timaş Yayınları ;
Cilt Numarası 1179.
490 1# - DİZİ BİLDİRİMİ
Dizi Bildirimi İnceleme-araştırma ;
Cilt Numarası 05.
500 ## - GENEL NOT
Genel Not Kaynakça var.
505 ## - İÇİNDEKİLER NOTU
İçindekiler Notu Dünyanın önde gelen liderlerinin kimi zaman 'adalet' ve 'eşitlik' talep eden, kimi zaman 'teslimiyet' ve 'korkuyu' itiraf eden, zaman zaman ise 'tehdit' içeren konuşmalarından oluşan bu kitabı okuduğunuzda, kelimelerin eylemlere nasıl ilham verdiğine şahit olacak, bundan böyle 'söylenenlere' daha iyi kulak kabartacaksınız.
650 #0 - KONU BAŞLIĞI EK GİRİŞ - KONU TERİMİ
Konusal terim veya coğrafi ad Söylevler.
9 (RLIN) 5623
830 1# - SERİ EK GİRİŞİ - TEKBİÇİM ESER ADI
Tekbiçim Başlık Timaş Yayınları ;
Volume number/sequential designation 1179.
9 (RLIN) 9767
830 1# - SERİ EK GİRİŞİ - TEKBİÇİM ESER ADI
Tekbiçim Başlık İnceleme-araştırma ;
Volume number/sequential designation 05.
9 (RLIN) 9295
942 ## - EK GİRİŞ ÖGELERİ (KOHA)
Source of classification or shelving scheme Library of Congress Classification
Koha item type Book
505 ## - İÇİNDEKİLER NOTU
--
-- Sözün gücüne inananlara...
--
-- Kulaklarınızı dört açın. Duyduklarınız, göreceklerinizdir!
--
Holdings
Materyal Türü Kalıcı Konum Mevcut Konum Raf Yeri Sınıflandırma Kaynağı Edinim Bilgisi Ana Konular Alt Konular Yer Numarası Demirbaş Numarası Fatura Tarihi Maliyet, Alış Fiyatı Maliyet, Yenileme Fiyatı Geri Çekilme Durumu Kayıp Durumu Hasarlı Durumu Kredi için değil Kayıt Tarih Toplam Ödünçverme Son Görülme Tarihi Son Kontrol Tarihi
Book Prof. Dr. Azmi Özcan Kütüphanesi Prof. Dr. Azmi Özcan Kütüphanesi Birûni Salonu Library of Congress Classification Satın DİL VE EDEBİYAT Edebiyat (Genel) PN6122 .C56 2008 0008989 20/11/2009 10.18 10.18         20/11/2009 29 05/12/2024 05/12/2024